Zásobáreň živej vody
Hospodárske výsledky farmaceutickej firmy Fides, ktorá je najväčšou veľkodistributérskou farmaceutickou firmou na slovenskom trhu. Firemní odberatelia na Slovensku. Zabezpečenie distribúcie liečiv. Regulácia cien liekov. Dodávky zo zahraničia. Kreditný program zameraný na podporu platobnej disciplín...
Salvato in:
| Autore principale: | |
|---|---|
| Altri autori: | |
| Natura: | Capitolo di libro |
| Lingua: | slovacco |
| Soggetti: | |
| Tags: |
Nessun Tag, puoi essere il primo ad aggiungerne!!
|
MARC
| LEADER | 00000naa a2200000 4500 | ||
|---|---|---|---|
| 001 | r025890 | ||
| 005 | 20251104123655.0 | ||
| 041 | 0 | |a slo | |
| 044 | |a SK | ||
| 245 | 1 | 0 | |a Zásobáreň živej vody |c S. Niku, O. Luptáková |
| 520 | |a Hospodárske výsledky farmaceutickej firmy Fides, ktorá je najväčšou veľkodistributérskou farmaceutickou firmou na slovenskom trhu. Firemní odberatelia na Slovensku. Zabezpečenie distribúcie liečiv. Regulácia cien liekov. Dodávky zo zahraničia. Kreditný program zameraný na podporu platobnej disciplíny, zlepšenie toku finančnej hotovosti a optimalizácie štruktúry dodávaného tovaru. Rast tržieb spoločnosti Fides od r. 1992 - 1996. | ||
| 610 | 2 | 0 | |a priemysel farmaceutický |
| 610 | 2 | 0 | |a Slovensko |
| 610 | 2 | 0 | |a distribúcia |
| 610 | 2 | 0 | |a firmy |
| 610 | 2 | 0 | |a Fides, s.r.o. Bratislava |
| 610 | 2 | 0 | |a liečivá |
| 610 | 2 | 0 | |a ceny |
| 610 | 2 | 0 | |a regulácia cenová |
| 610 | 2 | 0 | |a úver |
| 610 | 2 | 0 | |a solventnosť |
| 610 | 2 | 0 | |a tržby |
| 610 | 2 | 0 | |a výsledok hospodársky |
| 100 | 1 | |a Niku, S. | |
| 700 | 1 | |a Luptáková, O. | |